000 00305nam a2200133Ia 4500
005 20260326235445.0
008 260326s9999||||xx |||||||||||||| ||und||
100 _aAmos, Edallo
245 0 _aRuralistica /
_cEdallo Amos
260 _bErrico Hoepli
300 _a372 p.
650 _aURBANISMO
942 _cBK
999 _c7542
_d7542